000 01098nam a2200289Ia 4500
001 Para_10098
003 CHAP
008 220125sJuli xx 000 0 und d
010 _a208789
040 _cCHAP
090 _aPA CD - TESIS 177
100 _aElizalde Flores, María del Rocío
_936291
245 _aPropuesta de un esquema de muestreo para Polygonum convolvulus L. mediante simulación en cebada y trigo en ixtapaluca, estado de México /
_c María del Rocío Elizalde Flores; Director Andrés Bolaños Espinoza
260 _aChapingo, Méx. :
_b el autor
300 _a1 CDS ROM (66 p.)
502 _aTesis (Ing. Agr. Esp. en Parasitología Agrícola). UACh. Departamento Parasitología Agrícola
520 _a(M.C. en Protección Vegetal) UACh
700 _aBolaños Espinoza, Andrés. Director
_9175127
710 _aUACh. Departamento Parasitología Agrícola
_9164025
901 _aPA CD - TESIS 177
902 _aM
905 _a513220Julio, 2012 anm 8100000000 06
910 _aJuli
942 _cPARA
942 _cPARA
_d2
999 _c208789
_d208789